000 00589nam a22001937a 4500
005 20231205073407.0
008 231205b |||||||| |||| 00| 0 eng d
020 _a9780409058598
022 _a0409004480
041 _aEnglish
082 _a349 JOU
100 _aJoubert, WA and Faris, JA
_lEnglish
245 _aThe Law of South Africa /
_cWA Joubert and JA Faris
250 _aSecond Edition
260 _aDurban :
_bLexisNexis (Pty) Ltd,
_c2012
300 _bvii, 492 pages ;
_c26 cm.
650 _aLegal practice
_bLaw
942 _cBK
_6ALISON_BN_VRIES
999 _c1123
_d1123